Normal view
MARC view
- Akbas, Emre,
Entry Personal Name
001 - CONTROL NUMBER
- control field: 67544
003 - CONTROL NUMBER IDENTIFIER
- control field: OSt
005 - DATE AND TIME OF LATEST TRANSACTION
- control field: 20250916105102.0
008 - FIXED-LENGTH DATA ELEMENTS
- fixed length control field: 250916|| aca||aabn | a|a d
040 ## - CATALOGING SOURCE
- Original cataloging agency: OSt
100 ## - HEADING--PERSONAL NAME
- Personal name: Akbas, Emre,
